[Event "Ch Europe (juniors) (under 16)"]
[Site "masterchessopen.com Sibenik (Croatia)"]
[Date "2007.09.20"]
[Round "7"]
[White "Pecha Tomas (CZE)"]
[Black "Recuero Guerra David (ESP)"]
[Result "0-1"]
[WhiteElo "2173"]
[BlackElo "2407"]

1.e4 c5 2.Nf3 Nc6 3.d4 cxd4 4.Nxd4 Nf6 5.Nc3 d6 6.Bg5 e6 7.Qd2 Be7 8.O-O-O
Nxd4 9.Qxd4 O-O 10.f4 Qa5 11.Bc4 b5 12.Bxb5 Rb8 13.Bc4 h6 14.h4 Qb4 15.Rd3 d5
16.exd5 Bc5 17.Qe5 Ng4 18.Qe2 Nf2 19.Bxh6 Qxc4 20.Qe5 Nxd3+ 21.cxd3 Qd4
22.Qxb8 Qxd3 23.f5 gxh6 {#R} 0-1

[Event "It (a)"]
[Site "masterchessopen.com Lugansk (Ukraine)"]
[Round "6"]
[White "Blednov Stanislav (UKR)"]
[Black "Ivanova Svetlana (UKR)"]
[Result "0-1"]
[WhiteElo "2274"]
[BlackElo "2218"]

1.e4 c5 2.Nf3 Nc6 3.Nc3 d6 4.d4 cxd4 5.Nxd4 Nf6 6.Bg5 e6 7.Qd2 Be7 8.O-O-O O-O
9.f4 Nxd4 10.Qxd4 Qa5 11.Kb1 h6 12.Bh4 e5 13.fxe5 dxe5 14.Qa4 Qxa4 15.Nxa4 g5
16.Be1 Nxe4 17.Nc3 Nxc3+ 18.Bxc3 e4 19.Bc4 Kh7 20.Bd5 f5 21.Rhe1 Bf6 22.Bxf6
Rxf6 23.Bxb7 Bxb7 24.Rd7+ Kg6 25.Rxb7 Rd6 26.c4 a5 27.c5 Rc6 28.Rb5 a4 29.g3
Rac8 30.Rc1 e3 31.b4 axb3 32.axb3 f4 33.gxf4 gxf4 34.Rb4 f3 35.Rf4 f2 36.Re4
Rxc5 {#R} 0-1

[Event "Ch World (juniors) (under 20) (g)"]
[Site "masterchessopen.com Yerevan (Armenia)"]
[Date "2007.10.05"]
[Round "3"]
[White "Borosova Zuzana (SVK)"]
[Black "Zarkua Elisabed (GEO)"]
[Result "1-0"]
[WhiteElo "2233"]
[BlackElo "2009"]

1.e4 c5 2.Nf3 d6 3.d4 cxd4 4.Nxd4 Nf6 5.Nc3 Nc6 6.Bg5 e6 7.Qd2 Be7 8.O-O-O
Nxd4 9.Qxd4 O-O 10.f4 Qa5 11.Bc4 Bd7 12.e5 dxe5 13.Qxe5 Qb4 14.Rd4 Bc5 15.Rhd1
Bxd4 16.Rxd4 Bc6 17.Bb5 Qe7 18.Bxc6 bxc6 19.Ne4 c5 20.Nxf6+ gxf6 21.Bxf6 Qxf6
22.Qxf6 cxd4 23.Qxd4 Rfd8 24.Qe3 Rd5 25.c4 Rc8 26.b3 a5 27.Kc2 Kf8 28.Qc3 Rdc5
29.Qh8+ Ke7 30.Qxh7 a4 31.g4 Ra5 32.Kc3 axb3 33.axb3 Ra2 34.Qh4+ Kd7 35.Qh5
Ke7 36.f5 exf5 37.Qxf5 Rc6 38.h4 Re6 39.c5 Rae2 40.Kb4 R2e5 41.Qf3 Re3 42.Qb7+
Kf6 43.c6 R6e4+ 44.Ka3 {#r} 1-0

[Event "Bundesliga 2007/08"]
[Site "masterchessopen.com Germany"]
[Date "2007.10.20"]
[Round "1"]
[White "Bromberger Stefan (GER)"]
[Black "Reeh Oliver (GER)"]
[Result "1-0"]
[WhiteElo "2491"]
[BlackElo "2427"]

{ Bromberger Stefan (GER) +1 =0 -0 Reeh Oliver (GER) +1 =0 -0 } 1.e4 c5 2.Nf3
d6 3.d4 cxd4 4.Nxd4 Nf6 5.Nc3 Nc6 6.Bg5 e6 7.Qd2 Be7 8.O-O-O Nxd4 9.Qxd4 O-O
10.f4 Qa5 11.Bc4 Bd7 12.e5 dxe5 13.fxe5 Bc6 14.Bd2 Nd7 15.Nd5 Qd8 16.Nxe7+
Qxe7 17.Rhe1 Rfd8 18.Qg4 Nf8 19.Bd3 Rd5 20.Bb4 ( 20.g3 Ng6 21.Bc3 Rc8 22.h4
Qc5 23.Qe2 Bb5 24.Bxb5 Qxb5 25.Qxb5 Rxb5 26.a4 Rbc5 27.Rd7 R5c7 28.Rxc7 Rxc7
29.h5 Ne7 30.Rd1 Nd5 31.Bd4 a6 32.a5 Kf8 33.b3 Ke8 34.c4 Ne7 35.g4 Rd7 36.Rd2
Nc6 37.Bc3 Rxd2 38.Kxd2 Kd7 39.Ke3 Nb8 { ...1-0, Illescas Cordoba Miguel 2585
- San Segundo Carrillo Pablo 2495 , Ampuriabrava 1997 Ch Spain (team) } ) (
20.Be4 Rd7 21.Bb4 Rxd1+ 22.Rxd1 Qc7 23.Bd6 Qb6 24.Bxc6 Qxc6 25.Qf3 Qxf3
26.gxf3 Ng6 27.Rd4 Rd8 28.c4 a6 29.c5 f6 30.exf6 gxf6 31.a4 Kf7 32.b4 Rc8
33.Bg3 Ke7 34.Bd6+ Kf7 35.b5 e5 36.bxa6 bxa6 37.Rb4 Nf4 38.Kd2 Ne6 39.Ke3 h5 {
...1-0, Kobalia Mikhail 2654 - Wells Peter K 2501 , Gibraltar 26. 1.2006 It
(open) "Gibtelecom Masters" } ) 20...Qd8 21.Bd6 ( 21.Qg3 Ng6 22.c4 Rd4 23.Bc5
Rd7 24.Bd6 Rc8 25.Kb1 Qh4 26.Rd2 Qxg3 27.hxg3 f5 28.b4 a6 29.b5 axb5 30.cxb5
Bd5 31.Bxf5 Bc4 32.Bg4 Ne7 33.Rc1 Kf7 34.Kb2 Rdd8 35.a4 Nf5 36.Rdc2 Ne3 37.Rc3
Nxg4 38.Rxc4 Rxc4 39.Rxc4 Ne3 40.Rc7+ Kg6 { ...1-0, Smikovski Ivan 2543 - Rau
Hannes 2387 , Pardubice 26. 7.2006 It (open) } ) 21...Ng6 { ? } 22.Qg3 { +0.15
CAP } ( 22.c4 f5 23.Qg3 Rd4 24.Bc5 Rg4 25.Qe3 Qa5 26.Kb1 Rxg2 27.Rg1 Rxh2
28.Bd6 Qb6 29.Qc1 Bf3 30.c5 Qc6 31.Rde1 Bd5 32.Qd1 Rd8 33.Be2 Rd7 34.Rg3 f4
35.Ra3 f3 36.Bxf3 Bxf3 37.Rxf3 Rd8 38.Qb3 Re8 39.Ref1 Qe4+ 40.Ka1 h5 41.a3
Nxe5 { ...1-0, Kosteniuk Alexandra 2455 - Galliamova Alisa 2547 , Moscow 2001
Ch World FIDE (KO-system) (w) } ) 22...b5 { N } ( 22...Qh4 23.Qxh4 Nxh4 24.g3
Nf3 25.Re2 f5 26.exf6 Rxd6 27.Bxh7+ Kxh7 28.Rxd6 e5 29.Re3 e4 30.Rxc6 bxc6
31.Rxe4 g5 32.h4 Kg6 33.hxg5 Nxg5 34.Re7 Rc8 35.Rxa7 Kxf6 36.b4 Ne4 37.Kb2
Nxg3 38.a4 Ne4 39.Kb3 Ke6 40.a5 Rh8 41.a6 Rh3+ 42.Kb2 { ...1/2-1/2, Smeets Jan
2515 - Nijboer Friso 2567 , Groningen 2003 It (cat.10) } ) 23.Bf1 Rc8 24.Qe3
Qa5 25.a3 Nh4 26.Bb4 Qc7 27.Qf2 Rxd1+ 28.Rxd1 Ng6 29.Bd6 Qb7 30.Rd4 Be4 31.c3
a6 32.h4 h6 33.h5 Nf8 34.Qh4 { ?! } ( 34.a4 { !? } 34...Nh7 35.axb5 axb5
36.Bxb5 Ra8 37.Ba4 Bxg2 38.Rb4 Qf3 39.Qxf3 { } ) 34...Bf5 { ?! } ( 34...Bxg2 {
!? } 35.Be2 Nd7 36.Kb1 Bf3 37.Bd3 Nb6 { } ) 35.g4 Qf3 { ?! } ( 35...Bh7 { !? }
36.Qf2 Nd7 37.Bg2 Qb6 38.Qf4 a5 39.Bf1 Kh8 { } ) 36.Qh3 Be4 37.Qxf3 Bxf3 38.a4
Bc6 39.axb5 axb5 40.Rb4 Ra8 41.Bxb5 { } {#r} 1-0

[Event "Ch India (w)"]
[Site "masterchessopen.com Pune (India)"]
[Date "2007.11.10"]
[Round "6"]
[White "Padmini Rout (IND)"]
[Black "Ramaswamy Aarthie (IND)"]
[Result "0-1"]
[WhiteElo "2226"]
[BlackElo "2317"]

1.e4 c5 2.Nf3 Nc6 3.d4 cxd4 4.Nxd4 Nf6 5.Nc3 d6 6.Bg5 e6 7.Qd2 Be7 8.O-O-O
Nxd4 9.Qxd4 O-O 10.f4 Qa5 11.Bc4 Bd7 12.e5 dxe5 13.fxe5 Bc6 14.Bd2 Nd7 15.Nd5
Qd8 16.Nxe7+ Qxe7 17.Rhe1 Nb6 18.Bd3 Rfd8 19.Qg4 Rxd3 20.cxd3 Ba4 21.b3 Qa3+
22.Kb1 Bxb3 23.axb3 Qxb3+ 24.Ka1 Qa3+ 25.Kb1 Qxd3+ 26.Ka1 Qa3+ 27.Kb1 Qb3+
28.Ka1 Nc4 29.Bc1 Qa4+ 30.Kb1 Na3+ 31.Bxa3 Qxg4 32.Rd2 h5 33.g3 b5 34.Rb2 Qa4
35.Bd6 a5 36.Rc1 b4 37.Rc4 Qd1+ 38.Rc1 Qd3+ 39.Ka2 Qd5+ 40.Kb1 b3 41.Rc5 Qd3+
42.Ka1 a4 {#R} 0-1

[Event "It (open)"]
[Site "masterchessopen.com Bad Wiessee (Germany)"]
[Date "2007.11.11"]
[Round "2"]
[White "Morawietz Dieter (GER)"]
[Black "Santl Anton (GER)"]
[Result "1-0"]
[WhiteElo "2413"]
[BlackElo "2127"]

1.e4 c5 2.Nf3 Nc6 3.d4 cxd4 4.Nxd4 Nf6 5.Nc3 d6 6.Bg5 e6 7.Qd2 Be7 8.O-O-O O-O
9.f4 Nxd4 10.Qxd4 Qa5 11.Bc4 Bd7 12.e5 dxe5 13.fxe5 Bc6 14.Bd2 Nd7 15.Nd5 Qc5
16.Nxe7+ Qxe7 17.Rhe1 Rfd8 18.Qg4 Nf8 19.Bd3 Rd7 20.Bg5 Qe8 21.h4 Kh8 22.h5
Rad8 23.h6 Ng6 24.hxg7+ {#r} 1-0

[Event "Ch Bulgaria (students)"]
[Site "masterchessopen.com Sofia (Bulgaria)"]
[Date "2007.11.11"]
[Round "7"]
[White "Yordanov Nikolay (BUL)"]
[Black "Mladenov Plamen (BUL)"]
[Result "0-1"]
[WhiteElo "2257"]
[BlackElo "2270"]

1.e4 c5 2.Nf3 Nc6 3.d4 cxd4 4.Nxd4 Nf6 5.Nc3 d6 6.Bg5 e6 7.Qd2 Be7 8.O-O-O
Nxd4 9.Qxd4 O-O 10.f4 Qa5 11.e5 dxe5 12.fxe5 Rd8 13.Qf4 Rxd1+ 14.Kxd1 Nd5
15.Nxd5 Qxd5+ 16.Kc1 Bxg5 17.Qxg5 Bd7 18.b3 Bc6 19.Bc4 Qxg2 20.Qxg2 Bxg2
21.Rd1 Bc6 22.a4 a6 23.Rd6 Kf8 24.Kd2 Ke7 25.Ke3 Rc8 26.Rd4 Rd8 27.Rxd8 Kxd8
28.a5 Ke7 29.b4 f6 30.exf6+ gxf6 31.Bd3 f5 32.c4 Kf6 33.b5 axb5 34.cxb5 Bd5
35.a6 bxa6 36.bxa6 e5 37.a7 f4+ 38.Kf2 e4 39.Bb5 Ke5 40.Ke2 Kd4 41.Kd2 f3
42.Ke1 e3 {#R} 0-1

[Event "It (open)"]
[Site "masterchessopen.com Bad Wiessee (Germany)"]
[Date "2007.11.18"]
[Round "9"]
[White "Baramidze David (GER)"]
[Black "Meins Gerlef (GER)"]
[Result "1-0"]
[WhiteElo "2569"]
[BlackElo "2443"]

{ Meins Gerlef (GER) +3 =1 -0 } 1.e4 c5 2.Nf3 Nc6 3.d4 cxd4 4.Nxd4 Nf6 5.Nc3
d6 6.Bg5 e6 7.Qd2 Be7 8.O-O-O Nxd4 9.Qxd4 O-O 10.f4 Qa5 11.Bc4 Bd7 12.Rd3 Bc6
( 12...Rad8 13.e5 dxe5 14.Qxe5 Qb4 15.Rg3 Kh8 16.Bd3 Bc6 17.Rh3 Rfe8 18.Qe2 h6
19.Rf1 Kg8 20.Bh4 Nd5 { 1/2-1/2, Anand Viswanathan 2735 - Kramnik Vladimir
2765 , Las Palmas 1996 It (cat.21) } ) 13.Rg3 Kh8 14.e5 dxe5 15.fxe5 Rad8 { N
} ( 15...Rfd8 16.Qe3 Ng8 17.h4 Rd7 18.Bxe7 Nxe7 19.Bd3 Nf5 20.Bxf5 exf5 21.Re1
h6 22.Qf4 Be4 23.Rge3 Rad8 24.a3 Rd4 25.Nxe4 fxe4 26.Rxe4 Qxe1+ 27.Rxe1 Rxf4 {
0-1, Nezar Mustapha 2225 - Inkiov Ventzislav 2480 , Metz 1997 It (open) } ) (
15...Ng8 16.h4 Rad8 17.Qf4 Qc5 18.Bd3 f5 19.exf6 Nxf6 20.Qe3 Qxe3+ 21.Rxe3
Bxg2 22.Rg1 Bc6 23.Rxe6 Bc5 24.Rge1 h6 25.Bxf6 Rxf6 26.Rxf6 gxf6 27.Ne4 Bd4
28.Rf1 Be3+ 29.Kb1 Rd4 30.Ng3 Rxh4 31.Rxf6 Bf4 32.Rf8+ Kg7 33.Rxf4 Rxf4
34.Nh5+ Kf7 35.Nxf4 { ...1-0, D'Costa Lorin 2386 - Kharlov Andrei 2571 ,
Amsterdam 24. 7.2005 It (open) } ) 16.Qe3 Ng8 17.Bd3 { = } ( 17.h4 Qb6 18.Qe2
h6 19.Bd3 Qd4 20.Rg4 Qc5 21.Bf4 f5 22.exf6 Nxf6 23.Rg5 Qb4 24.Bc7 Rxd3 25.cxd3
hxg5 26.hxg5+ Nh7 27.g6 Bg5+ 28.Kb1 Bh6 29.gxh7 Qe7 30.Be5 Qg5 31.a3 Kxh7
32.Bd6 Rd8 33.Qxe6 Qg6 34.Qxg6+ Kxg6 35.Be5 Rxd3 36.Re1 Bxg2 { ...0-1, Morovic
Fernandez Ivan 2585 - Leko Peter 2555 , Wijk aan Zee 1994 It (a) } ) 17...f6 {
N } ( 17...Qb6 18.Qxb6 axb6 19.Re1 Bxg5+ 20.Rxg5 Rd4 21.Be4 Ne7 22.Rg3 Rfd8
23.b3 Ng6 24.Bxc6 bxc6 25.Rf3 Kg8 26.g3 h5 27.Na4 b5 28.Nb2 Ra8 29.Kb1 Rd2
30.h4 Ne7 31.Ref1 Nd5 32.Rxf7 Nc3+ 33.Kc1 Re2 34.a4 bxa4 35.Nxa4 Nxa4 36.bxa4
Rxa4 37.R1f2 { ...0-1, Hodgson Julian M 2625 - Kramnik Vladimir 2710 ,
Belgrade 1993 It } ) ( 17...h6 18.h4 b5 19.Kb1 b4 20.Ne2 Rd5 21.Qe4 Rxd3
22.Qxd3 Qxe5 23.Bxe7 Nxe7 24.Qd4 Qxd4 25.Nxd4 Be4 26.Re1 Bg6 27.Rge3 Rc8
28.R3e2 Nd5 { 1/2-1/2, Kotronias Vasilios 2590 - Kramnik Vladimir 2710 ,
Belgrade 1993 It } ) 18.exf6 Bxf6 { +0.22 CAP } 19.Kb1 { ?! } ( 19.Bxf6 { !? }
19...Rxf6 20.Rg5 Qb6 21.Qxb6 axb6 22.Re1 Ne7 23.Rge5 Bxg2 24.Rxe6 { } )
19...Bxc3 20.bxc3 Nf6 21.Bc4 Bd5 22.Qe5 Rc8 23.Bb3 Qc7 24.Bf4 Qf7 25.Bc1 Qc7
26.Qxc7 Rxc7 27.Rf1 Rfc8 28.Bb2 Ne4 29.Rd3 Nc5 30.Bxd5 Nxd3 31.Bxe6 Nxb2
32.Bxc8 Rxc8 33.Kxb2 Kg8 34.Rf4 Re8 35.Ra4 a6 36.Rb4 Re2 37.Rxb7 Rxg2 38.c4
Rxh2 39.c5 Rh6 40.Kc3 g5 41.Kd4 g4 { ?! } ( 41...Kf8 { !? } 42.Kd5 Ke8 43.c6
Kd8 44.Rg7 g4 45.Rxg4 Rh5+ 46.Kd6 Rh6+ 47.Kc5 Rh5+ 48.Kb6 { } ) 42.Kd5 Rh5+
43.Kd6 Rh6+ 44.Kd7 g3 45.c6 g2 46.Rb1 { } {#r} 1-0

[Event "Ch World (juniors) (under 14)"]
[Site "masterchessopen.com Kemer (Turkey)"]
[Date "2007.11.18"]
[Round "1"]
[White "Postolachi Viorel (MDA)"]
[Black "Stukopin Andrey (RUS)"]
[Result "0-1"]
[WhiteElo "1965"]
[BlackElo "2356"]

1.e4 c5 2.Nf3 d6 3.d4 cxd4 4.Nxd4 Nf6 5.Nc3 Nc6 6.Bg5 e6 7.Qd2 Be7 8.O-O-O O-O
9.f4 Nxd4 10.Qxd4 Qa5 11.Be2 e5 12.Qd3 exf4 13.Bxf4 Be6 14.Kb1 Rac8 15.Nd5
Nxd5 16.exd5 Qa4 17.Bd2 Bg4 18.Be3 Bf6 {#R} 0-1

[Event "Ch World (juniors) (under 14)"]
[Site "masterchessopen.com Kemer (Turkey)"]
[Date "2007.11.25"]
[Round "8"]
[White "Pavlidis Antonios (GRE)"]
[Black "Nikolashvili Giorgi N (GEO)"]
[Result "0-1"]
[WhiteElo "2192"]
[BlackElo "2112"]

1.e4 c5 2.Nf3 d6 3.d4 cxd4 4.Nxd4 Nf6 5.Nc3 Nc6 6.Bg5 e6 7.Qd2 Be7 8.O-O-O O-O
9.f4 Nxd4 10.Qxd4 Qa5 11.Bc4 Bd7 12.e5 dxe5 13.fxe5 Bc6 14.Bd2 Nd7 15.Nd5 Qd8
16.Nxe7+ Qxe7 17.Rhe1 Nb6 18.Bd3 Rfd8 19.Qg4 Rxd3 20.cxd3 Ba4 21.Kb1 Bxd1
22.Rxd1 Nd5 23.Rc1 Kh8 24.Rc4 b5 25.Rc2 h6 26.Qh3 Rd8 27.g4 Nb4 28.Rc3 Kg8
29.g5 hxg5 30.Qg4 Nd5 31.Rc1 Nf4 32.Rg1 g6 33.Rg3 Rc8 34.Bxf4 Qc5 35.a3 Qc2+
36.Ka2 b4 37.d4 Qc4+ 38.Rb3 a5 39.a4 Qc6 40.Qf3 Qxa4+ 41.Kb1 gxf4 42.h4 Qc6
43.Qxf4 Qc2+ 44.Ka2 Rc3 {#R} 0-1

[Event "Ch World (juniors) (under 14)"]
[Site "masterchessopen.com Kemer (Turkey)"]
[Date "2007.11.27"]
[Round "10"]
[White "Mehar Chinna Reddy C H (IND)"]
[Black "Nikolashvili Giorgi N (GEO)"]
[Result "0-1"]
[WhiteElo "2246"]
[BlackElo "2112"]

1.e4 c5 2.Nf3 d6 3.d4 cxd4 4.Nxd4 Nf6 5.Nc3 Nc6 6.Bg5 e6 7.Qd2 Be7 8.O-O-O O-O
9.f4 Nxd4 10.Qxd4 Qa5 11.Bc4 Bd7 12.e5 dxe5 13.fxe5 Bc6 14.Bd2 Nd7 15.Nd5 Qd8
16.Nxe7+ Qxe7 17.Rhe1 Nb6 18.Bd3 Rfd8 19.Qg4 Rxd3 20.cxd3 Ba4 21.Kb1 Bxd1
22.Rxd1 Nd5 23.Rc1 Kh8 24.Qc4 Qd7 25.Qc5 h6 26.a3 b6 27.Qc4 Rd8 28.Ka1 Ne7
29.Qc7 Ng6 30.d4 Qd5 31.Bxh6 gxh6 32.Qxf7 {#R} 0-1

[Event "Bundesliga 2007/08"]
[Site "masterchessopen.com Germany"]
[Date "2007.12.15"]
[Round "3"]
[White "Kasimdzhanov Rustam (UZB)"]
[Black "Kotronias Vasilios (GRE)"]
[Result "1-0"]
[WhiteElo "2690"]
[BlackElo "2614"]

{ Kasimdzhanov Rustam (UZB) +1 =0 -0 Kotronias Vasilios (GRE) +8 =17 -7 } 1.e4
c5 2.Nf3 Nc6 3.d4 cxd4 4.Nxd4 Nf6 5.Nc3 d6 6.Bg5 e6 7.Qd2 Be7 8.O-O-O O-O 9.f4
Nxd4 10.Qxd4 Qa5 11.Bc4 { ?/= } 11...b5 ( 11...Bd7 12.e5 dxe5 13.fxe5 Bc6
14.Bd2 Nd7 15.Nd5 Qd8 16.Nxe7+ Qxe7 17.Rhe1 Rfc8 ( 17...Rfd8 18.Qg4 Nf8 19.Bd3
Rxd3 20.cxd3 Qd7 21.Bb4 Ng6 22.Bd6 f5 23.Qg5 Bd5 24.b3 Qc6+ 25.Kb2 Qb6 26.g3
Qd4+ 27.Kb1 Rc8 28.Qe3 Qxe3 29.Rxe3 f4 30.gxf4 Nxf4 31.Rf1 { ...1/2-1/2,
Svidler Peter 2710 - Anand Viswanathan 2795 , Linares 1998 It (cat.21) } )
18.Bf1 { 1/2-1/2, Mastrovasilis Dimitrios 2562 - Kotronias Vasilios 2587 ,
Salonika 30.11.2006 Ch Greece } ) 12.Bxb5 Rb8 13.e5 ( 13.a4 h6 14.Bh4 e5
15.fxe5 dxe5 16.Qxe5 Be6 17.Nd5 Nxd5 18.exd5 Bxh4 19.dxe6 Bg5+ 20.Kb1 Bf6
21.exf7+ Kh8 22.Qd6 Rbd8 23.b4 Rxd6 24.bxa5 Rxd1+ 25.Rxd1 Rxf7 26.c4 Rc7
27.Kc2 Be7 28.Kd3 Kg8 29.Ke4 Kf7 30.Kd4 a6 31.Rf1+ Bf6+ 32.Kd5 axb5 { ...1-0,
Campora Daniel H 2549 - Moreno Tejera Emilio 2275 , Linares 2003 It (open) } )
( 13.Bc4 h6 14.Bh4 e5 15.Qd3 exf4 16.Bb3 Be6 17.Kb1 Rfe8 18.Rhf1 Qh5 19.Bf2 a5
20.h3 Qg5 21.Bd4 Nh5 22.Qf3 Rec8 23.Ne2 a4 24.Bxa4 Bc4 25.Bb3 Bxe2 26.Qxe2 Ng3
27.Qf3 Nxf1 28.Rxf1 Bf6 29.Bxf6 Qxf6 30.Qxf4 Qd4 31.Qxf7+ Kh8 32.Qd5 Qe3 {
...1-0, Wang Hao 2624 - Balogh Csaba 2568 , Taiyuan 6. 7.2007 Match (team) } )
13...dxe5 14.fxe5 Rxb5 15.exf6 ( 15.Nxb5 Qxb5 16.a4 Qd5 17.Qxd5 Nxd5 18.Bxe7
Nxe7 19.Rd6 Ng6 20.Re1 f6 21.exf6 gxf6 22.Red1 Re8 23.c4 Kf7 24.b4 Re7 25.Kb2
e5 26.c5 e4 27.g3 Ne5 28.Kc3 e3 29.Re1 Nf3 30.Re2 Ng1 31.Re1 Nf3 32.Re2 Ng1
33.Re1 e2 34.Rxg1 e1=Q+ { ...1/2-1/2, Van Delft Merijn 2408 - Ak Hirawan,
Paris 7.2007 Ch Paris (open) } ) 15...Rb4 ( 15...Bc5 16.Qa4 Qxa4 17.Nxa4 Bb4
18.fxg7 Kxg7 19.Bd2 Bb7 20.Bxb4 Rxb4 21.Nc5 Bd5 22.b3 Rg4 23.Rhg1 h5 24.g3 Rh8
25.h3 Rg5 26.Nd3 e5 27.h4 Rf5 28.Nc5 Bf3 29.Rd7 Re8 30.Rxa7 e4 31.b4 e3 32.Re1
Bd5 33.a4 Rf3 34.Rd7 Bc6 35.Rd6 { ...0-1, Karadeniz Emre 2300 - Guseinov Gadir
2505 , Batumi 2002 Ch Europe } ) 16.Qe3 ( 16.Qd2 gxf6 17.Bh6 Rd8 18.Qe3 f5
19.Rxd8+ Bxd8 20.Qg3+ Rg4 21.Qd6 Bg5+ 22.Bxg5 Rxg5 23.Qe7 Rxg2 24.Qe8+ Kg7
25.Qxc8 Qe5 26.Nd1 Qe4 27.Qc3+ Kg6 28.Rf1 e5 29.Ne3 Rg5 30.Qc5 f4 31.Nd5 Kg7
32.Nxf4 h6 33.Ne6+ fxe6 34.Qe7+ Kh8 35.Rf8+ { 1-0, Gaponenko Inna 2411 -
Gvetadze Sopio 2301 , Antalya 2002 Cup European Club (w) } ) 16...Bc5 (
16...Bxf6 17.Bxf6 gxf6 18.Rd4 Rxd4 19.Qxd4 f5 20.Re1 f6 21.g4 e5 22.Qc4+ Kh8
23.gxf5 Bxf5 24.Rf1 Bg6 25.Qc6 Kg7 26.h4 Qb4 27.Rxf6 Qxh4 28.Rxf8 Qh6+ 29.Rf4
Qxf4+ 30.Kd1 Bh5+ 31.Ke1 Qc1+ 32.Kf2 Qxc2+ 33.Kg3 Bf7 34.Qc5 Qd3+ 35.Kg2 Qd4
36.Qc6 { ...0-1, Chkhaidze Nikoloz 2179 - Gvetadze Sopio 2301 , Tbilisi 20.
2.2002 It (open) } ) 17.Qg3 ( 17.Qe5 Rxb2 18.fxg7 Re8 19.Rd5 Qa3 20.Kd1 f6
21.Bxf6 Bb4 22.Rd3 Ba6 23.Be7 Bc4 24.Rf1 Bxe7 25.Qf4 e5 26.Qxc4+ Kxg7 27.Rg3+
Kh8 28.Qe6 Qc5 29.Rf7 Rd8+ 30.Rd3 Rxd3+ 31.cxd3 Qg1+ { 0-1, Chuiko Alexander
2413 - Zangiev Pavel 2290 , St. Petersburg 2001 Memorial M.Chigorin (open) } )
17...Bf2 18.Qxf2 Qxg5+ 19.Rd2 ( 19.Kb1 Qxf6 20.Qxf6 gxf6 21.a3 Rg4 22.g3 f5
23.Rhf1 h5 24.Rf4 e5 25.Rf2 h4 26.Nd5 hxg3 27.hxg3 Kg7 28.Rd3 Be6 29.Ne3 Rg5
30.c4 Rxg3 31.Rfd2 f4 { 0-1, Lintchevski Daniil 2423 - Vorobiov Evgeny E 2549
, St.Petersburg 17.10.2005 Memorial M.Chigorin (open) } ) 19...Rd8 { N } (
19...Bb7 20.Rd1 a5 21.fxg7 Rd8 22.Kb1 Rxd2 23.Qxd2 Qxd2 24.Rxd2 h5 25.g3 h4
26.Rd7 Bf3 27.Kc1 Rg4 28.Rd3 Bc6 29.Kd2 hxg3 30.hxg3 Kxg7 { 1/2-1/2, Guseinov
Gadir 2505 - Sherbakov Ruslan 2557 , Dubai 2002 It (open) } ) 20.Rd1 { +0.18
CAP } 20...Rbd4 { ?! } ( 20...gxf6 { !? } 21.a3 Rc4 22.Kb1 Rxd2 23.Rxd2 Kg7 {
} ) 21.Ne4 Qh6 22.g4 R4d5 23.c4 R5d7 24.g5 Qg6 25.Rxd7 Rxd7 26.Rxd7 Bxd7
27.Qxa7 h6 28.Qb8+ Kh7 29.fxg7 { } {#r} 1-0

[Event "Ch India (juniors) (under 13)"]
[Site "masterchessopen.com New Delhi (India)"]
[Date "2007.12.16"]
[Round "2"]
[White "Karma Pandya (IND)"]
[Black "Vidit Santosh Gujrathi (IND)"]
[Result "0-1"]
[WhiteElo "1852"]
[BlackElo "2315"]

1.e4 c5 2.Nf3 d6 3.d4 cxd4 4.Nxd4 Nf6 5.Nc3 Nc6 6.Bg5 e6 7.Qd2 Be7 8.O-O-O O-O
9.f4 Nxd4 10.Qxd4 Qa5 11.e5 dxe5 12.Qxe5 Qxe5 13.fxe5 Nd5 14.Bxe7 Nxe7 15.Bd3
Nc6 16.Rhe1 Rd8 17.Bb5 Bd7 18.Rd2 Be8 19.Bxc6 Bxc6 20.Red1 Rxd2 21.Rxd2 Kf8
22.Nd1 Ke7 23.c4 Rc8 24.Ne3 a5 25.b3 Be8 26.Kb2 Rc5 27.a3 Rxe5 28.Nc2 Re4
29.Kc3 f6 30.b4 axb4+ 31.axb4 e5 32.b5 Bf7 33.Na3 Re3+ 34.Kb4 b6 35.Ra2 Re4
36.Rc2 Rd4 37.Rc3 Kd6 38.Nc2 Rd1 39.Ra3 Be6 40.Ra6 Rb1+ 41.Kc3 Kc5 42.Ra7 Rc1
43.Rc7+ Kd6 44.Rc6+ Kd7 45.Kb2 Rg1 46.Rxb6 Rxg2 47.Kc3 Rxh2 48.c5 Rh3+ 49.Kd2
Rb3 {#R} 0-1

[Event "Ch South Africa"]
[Site "masterchessopen.com Milnerton (South Africa)"]
[Date "2007.12.18"]
[Round "7"]
[White "Cawdery Daniel (RSA)"]
[Black "Van Den Heever Donovan (RSA)"]
[Result "1-0"]
[WhiteElo "2254"]
[BlackElo "2202"]

1.e4 c5 2.Nf3 d6 3.Nc3 Nc6 4.d4 cxd4 5.Nxd4 Nf6 6.Bg5 e6 7.Qd2 Be7 8.O-O-O O-O
9.f4 Nxd4 10.Qxd4 Qa5 11.Bb5 Rd8 12.e5 dxe5 13.Qxe5 h6 14.Bh4 Rf8 15.Qe1 Qc7
16.Rf1 a6 17.Bd3 Rd8 18.h3 b5 19.g4 b4 20.g5 bxc3 21.gxf6 cxb2+ 22.Kb1 Bxf6
23.Bxf6 gxf6 24.Qh4 Kf8 25.Qxf6 Bb7 26.f5 Bd5 27.c4 Bxc4 28.Bxc4 {#r} 1-0

[Event "Memorial E.Bykova (open) (w)"]
[Site "masterchessopen.com Vladimir (Russia)"]
[Date "2007.12.19"]
[Round "6"]
[White "Bodnaruk Anastasia (RUS)"]
[Black "Charochkina Daria (RUS)"]
[Result "0-1"]
[WhiteElo "2331"]
[BlackElo "2403"]

1.e4 c5 2.Nc3 Nc6 3.Nf3 d6 4.d4 cxd4 5.Nxd4 Nf6 6.Bg5 e6 7.Qd2 Be7 8.O-O-O O-O
9.f4 Nxd4 10.Qxd4 Qa5 11.Bc4 h6 12.Bh4 e5 13.fxe5 dxe5 14.Qd3 Bg4 15.Rdf1 Qc5
16.Bb3 Kh8 17.Bf2 Qa5 18.h3 Be6 19.Nd5 Bxd5 20.exd5 Rad8 21.Rd1 e4 22.Qd4 b6
23.Be1 Qa6 24.Qe5 Rfe8 25.Qf5 e3 26.Rd4 Bd6 27.Ra4 Qb7 28.Bh4 b5 29.Rd4 Be5
30.Rd3 Qb6 31.Qf3 a5 32.c3 a4 33.Bc2 b4 34.Bxa4 bxc3 35.bxc3 Rb8 36.Bb3 Qc5
37.Kb2 Nd7 38.Be1 Qb6 39.Qd1 Nc5 {#R} 0-1

[Event "NRW-liga 2007/08"]
[Site "masterchessopen.com Germany"]
[Date "2008.01.13"]
[Round "5"]
[White "Morawietz Dieter (GER)"]
[Black "Brenke Andreas (GER)"]
[Result "0-1"]
[WhiteElo "2449"]
[BlackElo "2374"]

1.e4 c5 2.Nf3 d6 3.d4 cxd4 4.Nxd4 Nf6 5.Nc3 Nc6 6.Bg5 e6 7.Qd2 Be7 8.O-O-O
Nxd4 9.Qxd4 O-O 10.f4 Qa5 11.Bc4 Bd7 12.e5 dxe5 13.fxe5 Bc6 14.Bd2 Nd7 15.Nd5
Qd8 16.Nxe7+ Qxe7 17.Rhe1 Nb6 18.Bf1 Rfd8 19.Qb4 Qc7 20.Kb1 Rd5 21.Qg4 Rc8
22.c4 Rd7 23.Bg5 Rxd1+ 24.Qxd1 h6 25.Bh4 Nd7 26.Be7 b5 27.cxb5 Bd5 28.Bd6 Qb7
29.Bd3 Bxg2 30.Qe2 Bf3 31.Qe3 Nb6 32.Rf1 Bh5 33.Be4 Nd5 34.Qd3 a6 35.Bxd5 exd5
36.bxa6 Qc6 37.Ka1 Be2 38.Qc3 Bxf1 39.a7 Qxc3 40.bxc3 Ba6 {#R} 0-1

[Event "It (open) (b)"]
[Site "masterchessopen.com Moscow (Russia)"]
[Date "2008.02.04"]
[Round "3"]
[White "Gnydka Yaroslav (RUS)"]
[Black "Simkin Alexander (RUS)"]
[Result "1-0"]
[WhiteElo "2009"]
[BlackElo "1961"]

1.e4 c5 2.Nf3 d6 3.d4 cxd4 4.Nxd4 Nf6 5.Nc3 Nc6 6.Bg5 e6 7.Qd2 Be7 8.O-O-O
Nxd4 9.Qxd4 O-O 10.f4 Qa5 11.Kb1 e5 12.Qd2 exf4 13.Nd5 Qd8 14.Nxe7+ Qxe7
15.Bd3 h6 16.Bxf4 Ng4 17.h3 Ne5 18.Be2 Rd8 19.g4 g5 20.Be3 Be6 21.h4 Nxg4
22.hxg5 Nxe3 23.Qxe3 hxg5 24.Rh5 f6 25.Rdh1 Qg7 26.Qf2 Rf8 27.Qh2 Qg6 28.Rh8+
Kg7 29.Qh7+ Qxh7 30.R1xh7+ {#r} 1-0

[Event "Ch India"]
[Site "masterchessopen.com Chennai (India)"]
[Date "2008.02.09"]
[Round "7"]
[White "Shetty Rahul (IND)"]
[Black "Vidit Santosh Gujrathi (IND)"]
[Result "0-1"]
[WhiteElo "2289"]
[BlackElo "2356"]

1.e4 c5 2.Nf3 d6 3.d4 cxd4 4.Nxd4 Nf6 5.Nc3 Nc6 6.Bg5 e6 7.Qd2 Be7 8.O-O-O O-O
9.f4 Nxd4 10.Qxd4 Qa5 11.Bc4 b5 12.Bxb5 Rb8 13.e5 dxe5 14.fxe5 Rxb5 15.exf6
Rb4 16.Qe3 Bc5 17.Qg3 Bf2 18.Qxf2 Qxg5+ 19.Rd2 Rd8 20.Rd1 gxf6 21.b3 Rbd4
22.h4 Qh6 23.Nb1 Bb7 24.Kb2 Rxd2 25.Rxd2 Rxd2 26.Nxd2 f5 27.g3 Qg7+ 28.c3 Bd5
29.a4 a6 30.a5 h6 31.b4 Kh7 32.Qf4 Qg6 33.Qe5 Bg2 34.c4 Qg4 35.Kc2 Bc6 36.Kd3
Ba4 37.Qe3 Qd1 38.Kd4 Qh1 39.Kd3 Qa1 40.Qd4 Bc2+ {#R} 0-1